[Event "6.Città di  Padova Open A"]
[Site "Padova Fornace Carotta"]
[Date "2003.12.19"]
[Round "7.2"]
[White "Efimov, Igor"]
[Black "Lazic, Miroljub"]
[Result "1/2-1/2"]
[WhiteElo "2497"]
[BlackElo "2479"]
[Annotator "Gabriele Ballarin"]
[PlyCount "112"]
[EventDate "2003.12.13"]
[EventType "swiss"]
[EventRounds "9"]
[EventCountry "ITA"]

1. d4 d5 2. c4 c6 3. Nf3 Nf6 4. Qb3 dxc4 5. Qxc4 Bf5 6. g3 e6 7. Bg2 Nbd7 8. O-O Be7 9. Nc3 O-O 10. Qa4 b5 11. Qd1 b4 12. Na4 Be4 13. Bg5 Qa5 14. Bd2 Nb6 15. Nxb6 axb6 16. a3 Qb5 17. axb4 Rxa1 18. Qxa1 Qxe2 19. Re1 Qb5 20. Bf1 Qd5 21. Ne5 Qxd4 22. Bc3 Qd8 23. Qa4 b5 24. Qa7 Bd5 25. Bd3 Bd6 26. Qd4 Bxe5 27. Qxe5 h6 28. Ra1 Bf3 29. Qe3 Qd5 30. Bxf6 gxf6 31. Ra3 Kg7 32. Bxb5 cxb5 33. Qxf3 Qxf3 34. Rxf3 Rd8 35. Kf1 Rd4 36. Ke2 Rxb4 37. b3 Rd4 38. Rd3 Re4+ 39. Kd2 f5 40. Rd8 f4 41. Kd3 Re1 42. Rd4 fxg3 43. hxg3 f5 44. Kd2 Rf1 45. Ke2 Rc1 46. Rd7+ Kf6 47. Rb7 Rc2+ 48. Kf1 Rc5 49. Ke2 h5 50. b4 Re5+ 51. Kd3 Rd5+ 52. Ke3 Ke5 53. Rb6 Kf6 54. Rb7 Re5+ 55. Kd3 Rd5+ 56. Ke3 Re5+ 1/2-1/2

[Event "6.Città di  Padova Open A"]
[Site "Padova Fornace Carotta"]
[Date "2003.12.19"]
[Round "7.3"]
[White "Cardili, Mariano"]
[Black "Laketic, Gojko"]
[Result "0-1"]
[WhiteElo "1900"]
[BlackElo "2399"]
[Annotator "Gabriele Ballarin"]
[PlyCount "65"]
[EventDate "2003.12.13"]
[EventType "swiss"]
[EventRounds "9"]
[EventCountry "ITA"]

1. d4 d5 2. c4 c6 3. Nc3 Nf6 4. Nf3 e6 5. Bg5 h6 6. Bh4 Nbd7 7. e3 Be7 8. Rc1 O-O 9. Bd3 b6 10. O-O Bb7 11. Qe2 a6 12. Rfd1 Nh5 13. Bxe7 Qxe7 14. Ne5 dxc4 15. Bxc4 Nhf6 16. Nxd7 Nxd7 17. e4 b5 18. Bb3 c5 19. d5 c4 20. d6 Qg5 21. Bc2 Rfd8 22. Rf1 Qc5 23. Rcd1 Ne5 24. Kh1 Rxd6 25. f4 Rxd1 26. Rxd1 Ng6 27. Qg4 Qf2 28. Ne2 Nxf4 29. Nxf4 Qxc2 30. h3 Qxe4 31. Qg3 Qe5 32. Re1 Qxb2 33. Nh5 0-1

[Event "6.Città di  Padova Open A"]
[Site "Padova Fornace Carotta"]
[Date "2003.12.19"]
[Round "7.4"]
[White "Manca, Federico"]
[Black "Contini, Davide"]
[Result "1-0"]
[WhiteElo "2363"]
[BlackElo "1860"]
[Annotator "Gabriele Ballarin"]
[PlyCount "104"]
[EventDate "2003.12.13"]
[EventType "swiss"]
[EventRounds "9"]
[EventCountry "ITA"]

1. e4 e5 2. Nf3 Nf6 3. Nc3 Nc6 4. d4 exd4 5. Nxd4 Bb4 6. Nxc6 Bxc3+ 7. bxc3 dxc6 8. Qxd8+ Kxd8 9. f3 c5 10. Bf4 Be6 11. O-O-O+ Kc8 12. g4 a6 13. a3 b6 14. Bg2 Kb7 15. g5 Nd7 16. Bg3 Rad8 17. f4 Bg4 18. Rde1 b5 19. h3 Bh5 20. e5+ Kc8 21. f5 Nb6 22. e6 fxe6 23. Rxe6 Bf7 24. Rc6 Rd7 25. Bxc7 Bd5 26. Bxd5 Nxd5 27. Be5+ Kb7 28. Rxc5 Re8 29. Bxg7 Rxg7 30. Rxd5 Rxg5 31. Rhd1 Rf8 32. Rd7+ Kc8 33. Rxh7 Rgxf5 34. Rdd7 Rf1+ 35. Kb2 Rh1 36. Rc7+ Kb8 37. Rcg7 Rh2 38. h4 Kc8 39. h5 Kb8 40. h6 Kc8 41. Rg6 Rd2 42. Rxa6 Kb8 43. Rg6 Kc8 44. Rgg7 Rh2 45. Rg5 Rd8 46. Rgg7 Rf8 47. Kb3 Kb8 48. Rb7+ Ka8 49. Ra7+ Kb8 50. Rhb7+ Kc8 51. h7 Rhf2 52. Rf7 Kb8 1-0

[Event "6.Città di  Padova Open A"]
[Site "Padova Fornace Carotta"]
[Date "2003.12.19"]
[Round "7.5"]
[White "Sartori, Spartaco"]
[Black "Canazza, Alessandro"]
[Result "1-0"]
[WhiteElo "2177"]
[BlackElo "1594"]
[Annotator "Gabriele Ballarin"]
[PlyCount "100"]
[EventDate "2003.12.13"]
[EventType "swiss"]
[EventRounds "9"]
[EventCountry "ITA"]

1. c4 Nf6 2. Nc3 d5 3. cxd5 Nxd5 4. g3 g6 5. Bg2 Nxc3 6. bxc3 Bg7 7. Rb1 Nd7 8. Nf3 O-O 9. O-O c5 10. Qa4 Qc7 11. d3 Bxc3 12. Bf4 Qa5 13. Qxa5 Bxa5 14. Rfc1 f6 15. a3 e5 16. Bh6 Re8 17. Be3 Rb8 18. Rb5 Bb6 19. Nd2 a6 20. Rb3 Ba7 21. Ne4 b5 22. Rbc3 a5 23. Bxc5 Bxc5 24. Rxc5 Nxc5 25. Nxf6+ Kf7 26. Nxe8 Kxe8 27. Rxc5 b4 28. Bc6+ Bd7 29. Rxe5+ Kd8 30. Rd5 bxa3 31. Bxd7 a2 32. Rxa5 Rb1+ 33. Kg2 a1=Q 34. Rxa1 Rxa1 35. Bc6 Kc7 36. Be4 Kd6 37. f4 Ke6 38. g4 Kf6 39. g5+ Ke6 40. Kg3 Rg1+ 41. Kf2 Ra1 42. h4 Rc1 43. h5 Kf7 44. Bf3 Ra1 45. Bd5+ Kf8 46. h6 Ra7 47. e4 Ke7 48. Ke3 Kd6 49. Bg8 Rb7 50. e5+ Ke7 1-0

[Event "6.Città di  Padova Open A"]
[Site "Padova Fornace Carotta"]
[Date "2003.12.19"]
[Round "7.6"]
[White "Antoniacci, Riccardo"]
[Black "Rigo, Gianfrancesco"]
[Result "1-0"]
[WhiteElo "2041"]
[BlackElo "2059"]
[Annotator "Gabriele Ballarin"]
[PlyCount "103"]
[EventDate "2003.12.13"]
[EventType "swiss"]
[EventRounds "9"]
[EventCountry "ITA"]

1. e4 e6 2. d3 d5 3. Nd2 Nf6 4. Ngf3 b6 5. g3 Bb7 6. Bg2 Be7 7. O-O c5 8. Re1 Nc6 9. Qe2 Qc7 10. Nf1 O-O-O 11. Bf4 Qd7 12. e5 Ne8 13. c3 h6 14. Bd2 g5 15. Bh3 Nc7 16. a3 Rdg8 17. Bg2 h5 18. b4 g4 19. Nh4 d4 20. c4 Nd8 21. Bxb7+ Kxb7 22. b5 Ne8 23. a4 Ng7 24. a5 Bxh4 25. axb6 a6 26. Qe4+ Kb8 27. Rxa6 Qb7 28. Qxb7+ Nxb7 29. gxh4 Nf5 30. Bg5 Nd8 31. Ng3 Rxg5 32. hxg5 Nh4 33. Rea1 Nf3+ 34. Kh1 Nxg5 35. Ra7 h4 36. Ne4 Nxe4 37. dxe4 Kc8 38. Rc7+ Kb8 39. Rxc5 Nb7 40. Rc7 Rd8 41. Kg1 d3 42. Kf1 Rd4 43. c5 d2 44. Ke2 Rxe4+ 45. Kxd2 Rxe5 46. c6 Nd6 47. Rb7+ Nxb7 48. c7+ Kc8 49. Ra8+ Kd7 50. c8=Q+ Ke7 51. Qxb7+ Kf6 52. Rf8 1-0

[Event "6.Città di  Padova Open A"]
[Site "Padova Fornace Carotta"]
[Date "2003.12.19"]
[Round "7.7"]
[White "Navarro, Stefano"]
[Black "Opacic, Alexandar"]
[Result "1-0"]
[WhiteElo "2128"]
[BlackElo "2088"]
[Annotator "Gabriele Ballarin"]
[PlyCount "83"]
[EventDate "2003.12.13"]
[EventType "swiss"]
[EventRounds "9"]
[EventCountry "ITA"]

1. e4 c5 2. Nf3 e6 3. d4 cxd4 4. Nxd4 a6 5. Nc3 Qc7 6. a3 Nc6 7. Be3 Nf6 8. Be2 Be7 9. O-O O-O 10. f4 d6 11. Kh1 b5 12. Nxc6 Qxc6 13. Bf3 Nd7 14. e5 d5 15. Nxd5 exd5 16. Bxd5 Qc7 17. Bxa8 Rd8 18. Qf3 Qxc2 19. Rac1 Qxb2 20. Rf2 Qxa3 21. Rfc2 Nf8 22. Rc3 Bg4 23. Qxg4 Qb2 24. Be4 b4 25. Rc7 Qa3 26. Qe2 b3 27. f5 a5 28. Rf1 Qb4 29. f6 gxf6 30. Rc4 Qb5 31. Bxh7+ Kh8 32. Qh5 Nxh7 33. Rcc1 a4 34. Qxf7 Qxe5 35. Bf4 Rf8 36. Qxf8+ Nxf8 37. Bxe5 fxe5 38. Rb1 Ne6 39. Rf7 Bc5 40. Rb7 e4 41. Ra1 e3 42. Rxa4 1-0

[Event "6.Città di  Padova Open A"]
[Site "Padova Fornace Carotta"]
[Date "2003.12.19"]
[Round "7.9"]
[White "Logallo, Claudio"]
[Black "Quaranta, Cristiano"]
[Result "0-1"]
[WhiteElo "2045"]
[BlackElo "1942"]
[Annotator "Gabriele Ballarin"]
[PlyCount "44"]
[EventDate "2003.12.13"]
[EventType "swiss"]
[EventRounds "9"]
[EventCountry "ITA"]

1. e4 c5 2. d4 cxd4 3. c3 dxc3 4. Nxc3 Nc6 5. Nf3 e6 6. Bc4 Qc7 7. O-O Nf6 8. Qe2 Ng4 9. h3 Nd4 10. hxg4 Nxe2+ 11. Bxe2 a6 12. g3 d6 13. Be3 Bd7 14. Rac1 Qa5 15. a3 h5 16. b4 Qd8 17. Nh2 hxg4 18. Nxg4 f5 19. exf5 exf5 20. Nd5 fxg4 21. Bb6 Bc6 22. Nc7+ Qxc7 0-1

[Event "6.Città di  Padova Open A"]
[Site "Padova Fornace Carotta"]
[Date "2003.12.19"]
[Round "7.10"]
[White "Cedriano, Filippo"]
[Black "Maniero, Riccardo"]
[Result "1-0"]
[WhiteElo "1825"]
[BlackElo "1660"]
[Annotator "Gabriele Ballarin"]
[PlyCount "70"]
[EventDate "2003.12.13"]
[EventType "swiss"]
[EventRounds "9"]
[EventCountry "ITA"]

1. d4 Nf6 2. Nf3 c5 3. e3 cxd4 4. exd4 d6 5. Bd3 g6 6. c3 Bg7 7. Bf4 O-O 8. O-O Nbd7 9. Re1 Re8 10. Qc2 b6 11. Nbd2 Bb7 12. Re2 Rc8 13. Qa4 a6 14. Rae1 b5 15. Qb3 Nb6 16. Bb1 Nc4 17. Ng5 Bd5 18. Qc2 Nxd2 19. Qxd2 Bc4 20. Re3 Nh5 21. Rh3 Nxf4 22. Qxf4 h6 23. Ne4 e5 24. dxe5 Rxe5 25. Rhe3 Qe7 26. Nd2 Rxe3 27. Rxe3 Be6 28. Nf3 Rc4 29. Re4 Rc5 30. Qd2 Qc7 31. a3 a5 32. h3 Kh7 33. Nd4 Bd5 34. Re3 Qb7 35. Rg3 Be4 1-0

[Event "6.Città di  Padova Open A"]
[Site "Padova Fornace Carotta"]
[Date "2003.12.19"]
[Round "7.11"]
[White "Belloni, Umberto"]
[Black "Rossi, Damiano"]
[Result "1-0"]
[WhiteElo "1623"]
[BlackElo "2027"]
[Annotator "Gabriele Ballarin"]
[PlyCount "97"]
[EventDate "2003.12.13"]
[EventType "swiss"]
[EventRounds "9"]
[EventCountry "ITA"]

1. e4 e6 2. d4 d5 3. exd5 exd5 4. Bd3 Bd6 5. h3 Ne7 6. Nf3 O-O 7. O-O Bf5 8. Bxf5 Nxf5 9. Qd3 Qc8 10. Re1 Ne7 11. Bg5 Ng6 12. Nc3 c6 13. Re2 Na6 14. Rae1 Nc7 15. Nh4 Nxh4 16. Bxh4 Ne6 17. Bg3 Bxg3 18. fxg3 Qc7 19. Nd1 b5 20. Nf2 Rab8 21. Ng4 Qa5 22. a3 Qb6 23. c3 Ng5 24. Nf2 h6 25. h4 Ne6 26. b4 a5 27. Ng4 axb4 28. axb4 Qc7 29. Ne5 Rfe8 30. Qf3 Rb7 31. g4 Nf8 32. g5 hxg5 33. hxg5 g6 34. Qh3 Ne6 35. Nxg6 fxg6 36. Rxe6 Rxe6 37. Rxe6 Qf7 38. Rf6 Qe8 39. Qe6+ Qxe6 40. Rxe6 Kg7 41. Rxc6 Ra7 42. Rc5 Ra3 43. Rxb5 Rxc3 44. Rxd5 Rc4 45. b5 Rb4 46. Kf2 Kf7 47. Ke3 Rb2 48. g4 Ke6 49. Rc5 1-0

[Event "6.Città di  Padova Open A"]
[Site "Padova Fornace Carotta"]
[Date "2003.12.19"]
[Round "7.12"]
[White "Fragni, Enrico"]
[Black "Smirnov, Vladimir"]
[Result "1-0"]
[WhiteElo "1447"]
[BlackElo "1300"]
[Annotator "Gabriele Ballarin"]
[PlyCount "25"]
[EventDate "2003.12.13"]
[EventType "swiss"]
[EventRounds "9"]
[EventCountry "ITA"]

1. c4 e5 2. Nc3 Nf6 3. Nf3 Nc6 4. d3 Bc5 5. e3 O-O 6. Bd2 d6 7. Be2 Bf5 8. Nh4 Be6 9. g4 Nxg4 10. Nf3 Qf6 11. Ne4 Qf5 12. Rg1 Qf6 13. Nxf6+ 1-0

[Event "6.Città di  Padova Open A"]
[Site "Padova Fornace Carotta"]
[Date "2003.12.19"]
[Round "7.14"]
[White "Cipolotti, Piersilvio"]
[Black "Adami, Igor"]
[Result "1/2-1/2"]
[WhiteElo "1591"]
[BlackElo "1500"]
[Annotator "Gabriele Ballarin"]
[PlyCount "64"]
[EventDate "2003.12.13"]
[EventType "swiss"]
[EventRounds "9"]
[EventCountry "ITA"]

1. Nf3 Nf6 2. g3 b6 3. Bg2 Bb7 4. O-O e6 5. d3 Nc6 6. e4 d6 7. Nbd2 g6 8. c3 Bg7 9. h3 O-O 10. Nh2 e5 11. f4 exf4 12. gxf4 Re8 13. Qe1 Qd7 14. Qg3 Nh5 15. Qg4 Nf6 16. Qxd7 Nxd7 17. d4 Re7 18. e5 dxe5 19. fxe5 Rae8 20. Ne4 Nd8 21. Nf6+ Bxf6 22. Bxb7 Nxb7 23. exf6 Re6 24. Bg5 Re2 25. Rf2 Nd6 26. h4 h5 27. Raf1 Nc4 28. b3 Nd6 29. c4 Nf5 30. Nf3 c6 31. Rxe2 Rxe2 32. Rf2 Re6 1/2-1/2

[Event "6.Città di  Padova Open A"]
[Site "Padova Fornace Carotta"]
[Date "2003.12.20"]
[Round "8.2"]
[White "Lazic, Miroljub"]
[Black "Manca, Federico"]
[Result "1-0"]
[WhiteElo "2479"]
[BlackElo "2363"]
[Annotator "Gabriele Ballarin"]
[PlyCount "101"]
[EventDate "2003.12.13"]
[EventType "swiss"]
[EventRounds "9"]
[EventCountry "ITA"]

1. e4 c5 2. Nc3 e6 3. f4 d5 4. Nf3 d4 5. Bb5+ Nd7 6. Ne2 Ngf6 7. e5 Nd5 8. O-O a6 9. Bd3 g6 10. c4 Ne7 11. Ng3 Nf5 12. Ne4 h5 13. Qe2 Be7 14. b3 Kf8 15. Bb2 b6 16. g3 Bb7 17. Neg5 Qc7 18. Kf2 Kg7 19. Rg1 Rh6 20. Ne4 Rah8 21. Raf1 Bc6 22. Neg5 Qb7 23. Be4 b5 24. Rc1 bxc4 25. Bxc6 Qxc6 26. Rxc4 Nb6 27. Rcc1 Qb5 28. Qxb5 axb5 29. Ne4 Rc8 30. Ba3 b4 31. Bb2 Ra8 32. Nxc5 Bxc5 33. Rxc5 Rxa2 34. Rb1 Rh8 35. Ne1 Nd5 36. Nd3 Nc3 37. Re1 Nd5 38. Kf3 Rha8 39. Ke4 Rd8 40. Rec1 Nc3+ 41. Kf3 Rda8 42. Rc4 Rb8 43. Ra1 Rba8 44. Rxa2 Rxa2 45. Rxb4 Nd1 46. Bc1 h4 47. g4 Nh6 48. h3 Ng8 49. Rxd4 Ne7 50. Ra4 Rc2 51. Rb4 1-0

[Event "6.Città di  Padova Open A"]
[Site "Padova Fornace Carotta"]
[Date "2003.12.20"]
[Round "8.3"]
[White "Naumkin, Igor"]
[Black "Sartori, Spartaco"]
[Result "1-0"]
[WhiteElo "2401"]
[BlackElo "2177"]
[Annotator "Gabriele Ballarin"]
[PlyCount "107"]
[EventDate "2003.12.13"]
[EventType "swiss"]
[EventRounds "9"]
[EventCountry "ITA"]

1. d4 e6 2. c4 Nf6 3. Nf3 b6 4. g3 Bb7 5. Bg2 Be7 6. Nc3 Ne4 7. Bd2 O-O 8. Qc2 Nxd2 9. Qxd2 Bb4 10. O-O Nc6 11. a3 Bxc3 12. Qxc3 Ne7 13. Qc2 Bxf3 14. Bxf3 Rc8 15. Rfd1 c6 16. Rac1 d5 17. b4 b5 18. c5 a5 19. e4 Ra8 20. e5 axb4 21. axb4 Ra4 22. Rb1 Qc7 23. Be2 Rfa8 24. Bd3 Ra2 25. Qc1 R8a3 26. Bc2 Ra8 27. h4 Ng6 28. Rb3 Nf8 29. h5 Qe7 30. Kg2 h6 31. Bb1 R2a4 32. f4 Qa7 33. Rdd3 Qe7 34. Kh3 R8a6 35. g4 f6 36. Rg3 Qf7 37. Qe3 Ra1 38. Kg2 Nh7 39. Qd2 Nf8 40. exf6 Qxf6 41. g5 hxg5 42. fxg5 Qe7 43. Qf4 Qf7 44. Qxf7+ Kxf7 45. Rgf3+ Kg8 46. h6 Ra8 47. Rf1 gxh6 48. gxh6 R1a3 49. Rb2 Nh7 50. Kh2 Kh8 51. Rg2 Rb3 52. Bc2 Rxb4 53. Rf7 Ng5 54. Rxg5 1-0

[Event "6.Città di  Padova Open A"]
[Site "Padova Fornace Carotta"]
[Date "2003.12.20"]
[Round "8.4"]
[White "Antoniacci, Riccardo"]
[Black "Efimov, Igor"]
[Result "0-1"]
[WhiteElo "2041"]
[BlackElo "2497"]
[Annotator "Gabriele Ballarin"]
[PlyCount "48"]
[EventDate "2003.12.13"]
[EventType "swiss"]
[EventRounds "9"]
[EventCountry "ITA"]

1. e4 c5 2. Nf3 d6 3. d4 cxd4 4. Nxd4 Nf6 5. Nc3 Nc6 6. Bg5 e6 7. Qd2 a6 8. O-O-O h6 9. Bf4 Bd7 10. Nf3 e5 11. Bg3 b5 12. Qe2 Qa5 13. Kb1 Rc8 14. Qe1 Be7 15. Nd5 Nxd5 16. Qxa5 Nxa5 17. exd5 O-O 18. Ne1 Nc4 19. Bd3 f5 20. Bxc4 Rxc4 21. f3 Rfc8 22. c3 b4 23. b3 Rxc3 24. Nd3 f4 0-1

[Event "6.Città di  Padova Open A"]
[Site "Padova Fornace Carotta"]
[Date "2003.12.20"]
[Round "8.5"]
[White "Bonetto, Giorgio"]
[Black "Navarro, Stefano"]
[Result "0-1"]
[WhiteElo "1540"]
[BlackElo "2128"]
[Annotator "Gabriele Ballarin"]
[PlyCount "88"]
[EventDate "2003.12.13"]
[EventType "swiss"]
[EventRounds "9"]
[EventCountry "ITA"]

1. e4 e5 2. f4 d6 3. Nf3 Nc6 4. Bb5 Bd7 5. fxe5 dxe5 6. c3 Bc5 7. Bxc6 Bxc6 8. d4 exd4 9. cxd4 Bb4+ 10. Bd2 Qe7 11. O-O Bxd2 12. Nbxd2 Nf6 13. Ne5 O-O 14. Nxc6 bxc6 15. Qc2 Qd6 16. Nf3 Ng4 17. Qc3 Rac8 18. h3 Nh6 19. Rae1 Rcd8 20. Rc1 Qe6 21. Ng5 Qg6 22. h4 Qd6 23. Qd3 Qxd4+ 24. Qxd4 Rxd4 25. Rxc6 Rc8 26. Rfc1 Rd7 27. Nf3 Ng4 28. Kf1 h6 29. Ke2 Re7 30. R1c5 Rxe4+ 31. Kd3 Re3+ 32. Kc4 Re2 33. Kc3 Rxg2 34. Nd4 Nf6 35. Nf5 Rb8 36. Nxh6+ Kh7 37. Rxf6 gxf6 38. Nf5 Rbxb2 39. Nd4 Rxa2 40. Rxc7 Rg3+ 41. Kb4 Rg4 42. Kc5 Ra5+ 43. Kb4 Rd5 44. Rxf7+ Kg6 0-1

[Event "6.Città di  Padova Open A"]
[Site "Padova Fornace Carotta"]
[Date "2003.12.20"]
[Round "8.6"]
[White "Navarro, Emanuele"]
[Black "Quaranta, Cristiano"]
[Result "0-1"]
[WhiteElo "2178"]
[BlackElo "1942"]
[Annotator "Gabriele Ballarin"]
[PlyCount "134"]
[EventDate "2003.12.13"]
[EventType "swiss"]
[EventRounds "9"]
[EventCountry "ITA"]

1. d4 c5 2. c3 Nf6 3. Nf3 e6 4. Bg5 Be7 5. Nbd2 b6 6. e3 Bb7 7. Bd3 d6 8. e4 Nc6 9. Qe2 e5 10. Bb5 exd4 11. cxd4 O-O 12. d5 Nb4 13. Bxf6 Bxf6 14. O-O Bxb2 15. Rab1 Bf6 16. Bc4 Nc2 17. Rb3 Nd4 18. Nxd4 Bxd4 19. Rg3 Qe7 20. Qh5 Qe5 21. Rg5 Qf4 22. Nf3 Qxe4 23. Rg4 Qe7 24. Nxd4 cxd4 25. Rxd4 Rfe8 26. Bd3 g6 27. Qd1 Qe5 28. Bb5 Re7 29. Bc6 Rb8 30. Bxb7 Rbxb7 31. Rd3 Rbc7 32. Qb3 Rc5 33. g3 Qe2 34. a4 Qc2 35. Qa3 Re4 36. Ra1 Re2 37. Rf3 Rxd5 38. Rc1 Rd1+ 39. Rxd1 Qxd1+ 40. Kg2 Qd5 41. Qc3 Re5 42. Kg1 Qc5 43. Qb3 Qd5 44. Qc3 Qd1+ 45. Kg2 Qxa4 46. Qc8+ Qe8 47. Qc7 Qe7 48. Qb8+ Kg7 49. Ra3 Rd5 50. Re3 Re5 51. Rc3 Rh5 52. Qa8 Qd7 53. h4 Rc5 54. Rxc5 dxc5 55. h5 c4 56. h6+ Kxh6 57. Qf8+ Kg5 58. Qg7 Qd5+ 59. Kh2 Qc5 60. Qxf7 Qf5 61. Qe7+ Kh6 62. Qe3+ Qg5 63. Qe8 Qc5 64. Qf7 c3 65. Qf4+ Kg7 66. g4 h6 67. Qf3 $138 Qc7+ 0-1

[Event "6.Città di  Padova Open A"]
[Site "Padova Fornace Carotta"]
[Date "2003.12.20"]
[Round "8.7"]
[White "Contini, Davide"]
[Black "Cardili, Mariano"]
[Result "0-1"]
[WhiteElo "1860"]
[BlackElo "1900"]
[Annotator "Gabriele Ballarin"]
[PlyCount "89"]
[EventDate "2003.12.13"]
[EventType "swiss"]
[EventRounds "9"]
[EventCountry "ITA"]

1. d4 d5 2. Nf3 Nf6 3. g3 Bf5 4. Bg2 e6 5. O-O c5 6. c4 Nc6 7. cxd5 Nxd5 8. Nc3 Nxc3 9. bxc3 Be7 10. Be3 Qb6 11. Qb3 O-O 12. dxc5 Bxc5 13. Bxc5 Qxc5 14. Nh4 Rab8 15. Nxf5 Qxf5 16. Rab1 Na5 17. Qa4 a6 18. Rfd1 h6 19. Rd3 Qc5 20. Rb4 b6 21. Rbd4 Rbc8 22. Qb4 Nc4 23. Bb7 a5 24. Qb3 Rc7 25. Bg2 Ne5 26. Rd1 b5 27. e3 Rb8 28. a4 b4 29. cxb4 axb4 30. Qb1 Rcc8 31. a5 Qxa5 32. f4 Ng6 33. Be4 Qa3 34. R4d3 Rc3 35. Kf2 Rbc8 36. Rd8+ Rxd8 37. Rxd8+ Kh7 38. h4 f5 39. Bxf5 exf5 40. Qxf5 Rxe3 41. h5 Rf3+ 42. Kg2 Rxg3+ 43. Kh2 Qf3 44. Qxg6+ Rxg6 45. hxg6+ 0-1

[Event "6.Città di  Padova Open A"]
[Site "Padova Fornace Carotta"]
[Date "2003.12.20"]
[Round "8.8"]
[White "Rigo, Gianfrancesco"]
[Black "Canazza, Alessandro"]
[Result "1-0"]
[WhiteElo "2059"]
[BlackElo "1594"]
[Annotator "Gabriele Ballarin"]
[PlyCount "79"]
[EventDate "2003.12.13"]
[EventType "swiss"]
[EventRounds "9"]
[EventCountry "ITA"]

1. e4 c5 2. Nf3 d6 3. d4 cxd4 4. Nxd4 Nf6 5. Nc3 a6 6. Bc4 e6 7. Be3 Be7 8. Qe2 O-O 9. O-O-O b5 10. Bb3 Nbd7 11. Nc6 Qe8 12. Bf4 e5 13. Bg5 Bb7 14. Nxe7+ Qxe7 15. Bd5 Rab8 16. Bxb7 Rxb7 17. Qd2 Rc8 18. f3 Rbc7 19. Kb1 Rc6 20. Rc1 Qe6 21. Nd5 Kh8 22. Rhd1 Nb6 23. Bxf6 gxf6 24. Qh6 Nd7 25. g4 Rg8 26. Rg1 Rg6 27. Qh4 Nb6 28. Rcd1 Nd7 29. Qf2 Qe8 30. h4 Rg7 31. Ne3 Qe6 32. Nf5 Rg8 33. Rd2 Rgc8 34. Rgd1 b4 35. Rxd6 Rxd6 36. Rxd6 Qe8 37. Qd2 Nf8 38. Qh6 Ne6 39. Rxe6 Qg8 40. Qxf6+ 1-0

[Event "6.Città di  Padova Open A"]
[Site "Padova Fornace Carotta"]
[Date "2003.12.20"]
[Round "8.9"]
[White "Cedriano, Filippo"]
[Black "Fragni, Enrico"]
[Result "0-1"]
[WhiteElo "1825"]
[BlackElo "1447"]
[Annotator "Gabriele Ballarin"]
[PlyCount "56"]
[EventDate "2003.12.13"]
[EventType "swiss"]
[EventRounds "9"]
[EventCountry "ITA"]

1. d4 c6 2. c4 d6 3. Nc3 Qc7 4. Nf3 Bg4 5. e4 e5 6. dxe5 dxe5 7. a3 a5 8. Be3 Nf6 9. Be2 Be7 10. O-O Nbd7 11. Rc1 O-O 12. Qc2 Rac8 13. Na4 b6 14. h3 Bxf3 15. Bxf3 Qb7 16. Qe2 Rfd8 17. Rfe1 h6 18. Nc3 Nf8 19. g3 Ne6 20. Bg2 Qc7 21. f4 exf4 22. gxf4 Bc5 23. f5 Nf4 24. Qf3 N6h5 25. Bxc5 bxc5 26. Ne2 Nxe2+ 27. Qxe2 Nf4 28. Qe3 Rd4 {Nur} 0-1

[Event "6.Città di  Padova Open A"]
[Site "Padova Fornace Carotta"]
[Date "2003.12.20"]
[Round "8.10"]
[White "Maniero, Riccardo"]
[Black "Roberti, Ignazio"]
[Result "1-0"]
[WhiteElo "1660"]
[BlackElo "1990"]
[Annotator "Gabriele Ballarin"]
[PlyCount "97"]
[EventDate "2003.12.13"]
[EventType "swiss"]
[EventRounds "9"]
[EventCountry "ITA"]

1. e4 c5 2. c3 d5 3. exd5 Qxd5 4. d4 Nc6 5. Nf3 Nf6 6. c4 Qe4+ 7. Be3 cxd4 8. Nxd4 e5 9. Nb5 Bb4+ 10. N1c3 O-O 11. Nd6 Qg6 12. Nxc8 Raxc8 13. Rc1 Rfd8 14. Qc2 Ne4 15. f3 Nxc3 16. bxc3 Qxc2 17. Rxc2 Ba5 18. Rc1 f5 19. g3 Nd4 20. Kf2 Nc6 21. Be2 Rd7 22. Rc2 Rcd8 23. Rb1 h6 24. Rb5 b6 25. c5 a6 26. Rbb2 b5 27. a4 Nd4 28. cxd4 exd4 29. Bd2 b4 30. Bxa6 d3 31. Rc1 Bc7 32. Rxb4 Re7 33. Re1 Re2+ 34. Rxe2 dxe2 35. Kxe2 Ba5 36. Rb2 Re8+ 37. Kf1 Bc7 38. Bc3 Re3 39. Bd4 Rxf3+ 40. Ke2 Ra3 41. Bb5 f4 42. Bc4+ Kf8 43. Ra2 Rxa2+ 44. Bxa2 fxg3 45. hxg3 Bxg3 46. a5 g5 47. a6 Bb8 48. c6 Ke7 49. c7 1-0

[Event "6.Città di  Padova Open A"]
[Site "Padova Fornace Carotta"]
[Date "2003.12.20"]
[Round "8.11"]
[White "Opacic, Alexandar"]
[Black "Belloni, Umberto"]
[Result "1-0"]
[WhiteElo "2088"]
[BlackElo "1623"]
[Annotator "Gabriele Ballarin"]
[PlyCount "84"]
[EventDate "2003.12.13"]
[EventType "swiss"]
[EventRounds "9"]
[EventCountry "ITA"]

1. e4 e6 2. d4 d5 3. Nd2 dxe4 4. Nxe4 Nf6 5. Bg5 Be7 6. Bxf6 Bxf6 7. Nf3 Nd7 8. Nxf6+ Qxf6 9. Bd3 c5 10. c3 O-O 11. O-O Rd8 12. Qe2 b6 13. Qe4 Rb8 14. Qxh7+ Kf8 15. d5 exd5 16. Rfe1 Qh6 17. Qf5 Nf6 18. Qe5 Be6 19. Ng5 Re8 20. Qd6+ Kg8 21. Nxe6 fxe6 22. Rxe6 Rbd8 23. Qe5 Rxe6 24. Qxe6+ Kf8 25. Re1 Ne4 26. Qxh6 gxh6 27. f3 c4 28. Bc2 Nc5 29. Kf2 Kg7 30. Re7+ Kf6 31. Rxa7 d4 32. cxd4 Rxd4 33. Ke3 Rd6 34. Rh7 Ke5 35. h4 Re6 36. g4 Kd5+ 37. Kd2 Rf6 38. Bf5 Ke5 39. Ke3 Kd5 40. Rg7 b5 41. Rg6 Rxg6 42. Bxg6 Nd7 1-0

[Event "6.Città di  Padova Open A"]
[Site "Padova Fornace Carotta"]
[Date "2003.12.20"]
[Round "8.12"]
[White "Logallo, Claudio"]
[Black "Cipolotti, Piersilvio"]
[Result "1-0"]
[WhiteElo "2045"]
[BlackElo "1591"]
[Annotator "Gabriele Ballarin"]
[PlyCount "47"]
[EventDate "2003.12.13"]
[EventType "swiss"]
[EventRounds "9"]
[EventCountry "ITA"]

1. e4 Nc6 2. d4 e5 3. Nf3 exd4 4. Bc4 Be7 5. Nxd4 Ne5 6. Bb3 d6 7. h3 Nf6 8. f4 Ned7 9. Nc3 Nc5 10. Qf3 Nxb3 11. axb3 O-O 12. Be3 Nd7 13. Nf5 Bf6 14. g4 Bh4+ 15. Kf1 Bf6 16. g5 Bxc3 17. bxc3 f6 18. Rg1 Rf7 19. g6 hxg6 20. Rxg6 Nb6 21. Nh6+ Kf8 22. Nxf7 Kxf7 23. Qh5 Bxh3+ 24. Rg2+ 1-0

[Event "6.Città di  Padova Open A"]
[Site "Padova Fornace Carotta"]
[Date "2003.12.20"]
[Round "8.13"]
[White "Rizzo, Giuseppe"]
[Black "Rossi, Damiano"]
[Result "1-0"]
[WhiteElo "1503"]
[BlackElo "2027"]
[Annotator "Gabriele Ballarin"]
[PlyCount "113"]
[EventDate "2003.12.13"]
[EventType "swiss"]
[EventRounds "9"]
[EventCountry "ITA"]

1. e4 e6 2. d4 d5 3. Nc3 Bb4 4. e5 c5 5. a3 cxd4 6. axb4 dxc3 7. bxc3 Qc7 8. Qd4 Nc6 9. Bb5 Nge7 10. Nf3 O-O 11. Bxc6 bxc6 12. Bf4 Nf5 13. Qc5 Bb7 14. O-O Qb6 15. Ra5 Qxc5 16. Rxc5 Ba6 17. Ra1 Bb5 18. Nd4 Nxd4 19. cxd4 Rfb8 20. Ra5 Kf8 21. f3 Ke7 22. Kf2 Kd7 23. g4 h5 24. g5 g6 25. h4 a6 26. c3 Bc4 27. Bd2 Rb6 28. f4 Kc7 29. Bc1 Kb7 30. Ke3 Ra7 31. Kd2 Kc7 32. Kc2 Rab7 33. Ba3 Rb5 34. Kb2 Rxc5 35. Rxc5 Bb5 36. Kc2 Kb6 37. Kb3 a5 38. bxa5+ Kxa5 39. Bb4+ Kb6 40. Kb2 Ra7 41. Ba3 Bc4 42. Rxc4 dxc4 43. Bc5+ Ka6 44. Bxa7 Kxa7 45. Ka3 Kb6 46. Kb4 Ka6 47. Kxc4 Ka5 48. Kc5 Ka4 49. c4 Kb3 50. d5 cxd5 51. cxd5 exd5 52. Kxd5 Kc3 53. e6 fxe6+ 54. Kxe6 Kd4 55. Kf6 Ke4 56. Kxg6 Kxf4 57. Kxh5 1-0